01635pab a2200181 454500008004000000100001300040245010100053260000900154300001300163362000800176520104000184650002601224650002601250773004201276909001101318999001901329952010501348180718b2015 xxu||||| |||| 00| 0 eng d aGao, Jie aPerformance measurement and management in the public sector: some lessons from research evidence c2015 ap.86-96. aMay aDuring the past decade, there has been an explosion in the literature on performance-oriented reforms around the globe. What are the major topics discussed in this literature? What can scholars and practitioners learn from it? This study provides an overview of the major themes, strategies, challenges, and outcomes of performance measurement and management reforms by reviewing the literature produced during this period. It shows that useful strategies and tools have been developed for public sector organizational performance improvement. Apart from continuing efforts to examine the role of measurement per se, there has been a shift in focus from performance measurement to performance management in this literature. Nevertheless, research evidence from both developed and developing countries shows that most reforms achieve only mixed results, with both costs and gains and with daunting challenges, such as gaming, remaining. The paper concludes by discussing issues that deserve attention from future research. - Reproduced. aPublic administration aPerformance appraisal aPublic Administration and Development a108645 c108640d108640 00104070aIIPAbIIPAd2018-07-19hVolume no: 35, Issue no: 2pAR109105r2018-07-19w2018-07-19yAR